Building scientific apparatus
Saved in:
| Main Authors: | , , , |
|---|---|
| Format: | Bog |
| Sprog: | engelsk |
| Udgivet: |
Nueva York
Cambridge University Press
2009
|
| Udgivelse: | 4a. ed |
| Fag: | |
| Tags: |
Tilføj Tag
Ingen Tags, Vær først til at tagge denne postø!
|
MARC
| LEADER | 00000cam a2200000 a 4500 | ||
|---|---|---|---|
| 001 | UCG9016 | ||
| 003 | CL-VaPUC | ||
| 008 | 120120e20090000US |||||||||||||||||eng|d | ||
| 020 | |a 9780521878586 | ||
| 082 | 0 | 4 | |a 681.75 |b MOO |2 21 |
| 100 | |a Moore, John H. |e autor |9 560340 | ||
| 700 | 0 | |a Davis, Christopher C |e author |9 560341 | |
| 700 | 0 | |a Coplan, Michael A |e author |9 560342 | |
| 700 | 0 | |a Greer, Sandra C |e author |9 560343 | |
| 245 | 1 | 0 | |a Building scientific apparatus |
| 250 | |a 4a. ed | ||
| 300 | |a 647 p | ||
| 942 | |c BK | ||
| 945 | |d 20120120 00:00:00 |a cmena | ||
| 260 | |a Nueva York |b Cambridge University Press |c 2009 | ||
| 650 | 0 | |a Instrumentos científicos |9 359809 | |
| 650 | 0 | |a Manuales |9 257144 | |
| 650 | 0 | |a Diseño industrial |9 262726 | |
| 650 | 7 | |a FABRICACION DE INSTRUMENTOS |2 CL-VaPUC |9 560344 | |
| 583 | |a last modification |c 20120120 10:38:00 |k Rodrigo Vera | ||
| 999 | |c 346601 |d 346599 | ||
| 952 | |0 0 |1 0 |4 0 |6 681_750000000000000_MOO_2009 |7 0 |8 A |9 447348 |a BIBING |b BIBING |d 2019-11-22 |i 4839668 |o 681.75 MOO 2009 |p 4839668 |r 2025-01-20 |w 2019-11-22 |y BK |k EIE | ||
| 952 | |0 0 |1 0 |3 erd |4 0 |6 681_750000000000000_MOO_2009 |7 0 |8 A |9 447349 |a BIBCUR |b BIBCUR |i 5145023 |o 681.75 MOO 2009 |p 5145023 |r 2025-04-22 |w 2019-11-22 |y BK |z Catalogado en:20150409 |k FIS | ||
| 952 | |0 0 |1 0 |3 erd |4 0 |6 681_750000000000000_MOO_2009 |7 0 |8 A |9 447350 |a BIBCUR |b BIBCUR |i 5146887 |o 681.75 MOO 2009 |p 5146887 |r 2025-04-22 |w 2019-11-22 |y BK |z Catalogado en:20150423 |k FIS | ||